Roczniki dziejów spolecznych i gospodarczych za rok 1982

Enregistré dans:
Détails bibliographiques
Format: Livre
Langue:polonais
Publié: Warszawa Wyd. Naukowe 1983
Tags: Ajouter un tag
Pas de tags, Soyez le premier à ajouter un tag!

MARC

LEADER 00000nam a2200000 4500
001 c106541
005 20250820103425.9
041 0 |a pol 
044 |a PL 
245 1 0 |a Roczniki dziejów spolecznych i gospodarczych  |b za rok 1982 
264 1 |a Warszawa  |b Wyd. Naukowe  |c 1983 
300 |a 207 s.